Development of a new type of an actuator for UAV

Podrobná bibliografia
Hlavní autori: Pačes, Pavel (Author), Draxler, Karel (Author), Ramos, Maria (Author)
Médium: Článok
Jazyk:English
Témy:
ISBN: 9788096976027
Zdroj: 1. MOSATT 2007 : modern safety technologies in transportation 1. Košice : Slovenská dopravná spoločnosť pri SAV, 2007 1. S. 201-204 1. 9788096976027
LEADER 01092naa#a2200373#ar4500
001 000090754
003 SVKKK
005 20080822144955.0
008 080220s2007 xo #|0||||||||0|||b|eng
FMT
015 |a SNBRA2008/08 
038 |a SVKKK 
040 |a SVKKK  |b slo  |e AACR2 
041 0 |a eng  |b eng 
044 |a xo  |c SK 
080 |a 004.454  |2 1997 
080 |a 629.7.051.5  |2 1997 
100 1 |a Pačes, Pavel  |4 aut 
242 1 0 |a Vývoj nového typu ovládača pre bezpilotné letecké prostriedky UAV 
245 1 0 |a Development of a new type of an actuator for UAV  |c Pavel Pačes, Karel Draxler, Maria Ramos 
504 |a Bibliogr. odkazy 
546 |a Res. angl. 
650 0 4 |a bezpilotné letecké prostriedky 
650 0 4 |a ovládače 
700 1 |a Draxler, Karel  |4 aut 
700 1 |a Ramos, Maria  |4 aut 
773 0 |t MOSATT 2007 : modern safety technologies in transportation  |d Košice : Slovenská dopravná spoločnosť pri SAV, 2007  |g S. 201-204  |z 9788096976027 
958 |a NB 
974 |a Ni 
992 |a RZB 
BAS
852 |a SVKKK  |b BIB 
EXP
998 |a SLO